DATA STRUCTURES,ALGORITHMS & APPLI.IN JAVA (Record no. 716280)

MARC details
000 -LEADER
fixed length control field 00256nam a2200097Ia 4500
008 - FIXED-LENGTH DATA ELEMENTS--GENERAL INFORMATION
fixed length control field 230508s2002 xx 000 0 und d
041 ## - LANGUAGE CODE
Language code of text/sound track or separate title eng
100 ## - MAIN ENTRY--PERSONAL NAME
Personal name SARTAJ SAHNI
245 ## - TITLE STATEMENT
Title DATA STRUCTURES,ALGORITHMS & APPLI.IN JAVA
260 ## - PUBLICATION, DISTRIBUTION, ETC.
Name of publisher, distributor, etc. M G H PUBLISHER
Date of publication, distribution, etc. 2002

No items available.